000 00262nam a2200097Ia 4500
001 642045
005 20250826153519.0
008 250824s9999 xx 000 0 und d
245 0 _aLEVENT TÜRKİYEYİ GEZİYORUM BOLUDA
_cMUSTAFA ORAKÇI
260 _bTİMAŞ ÇOCUK
999 _c642045
_d642045